000 00513nam a2200181Ia 4500
008 151202s9999||||xx |||||||||||||| ||und||
082 _bPNVM-19886
100 _aगाडगीळ बाळ.
245 _aआकार आणि रेषा.
260 _b---
260 _c0
300 _a0
600 _aगाडगीळ बाळ.
630 _aआकार आणि रेषा.
700 _aगाडगीळ बाळ.
730 _aआकार आणि रेषा.
942 _cBOOK
999 _c1285866
_d1285863